Roman Empire A-Z - Statistics

General Stats
  • This quiz has been taken 38 times
    20 since last reset
  • The average score is 10 of 25
Answer Stats
Letter Hint Answer % Correct
B Otherwise known as the Eastern Roman Empire Byzantine Empire
100%
L Official language of the Empire Latin
81%
E Title for the ruler of Rome Emperor
75%
J Consul and Dictator of Rome Julius Caesar
75%
M Roman equivalent of Ares Mars
69%
G Old name for France Gaul
63%
N Fiddled whilst Rome burned Nero
63%
S Four letter acronym used by the Republic SPQR
63%
W The answer to 'M' was the God of this War
63%
P A citizen, not a Patrician Plebian
56%
F This dynasty followed the Year of Four Emperors Flavian
38%
R River Caesar crossed Rubicon
38%
C Emperor who went to war with Neptune Caligula
31%
U Pluto's domain Underworld
31%
V They sacked Rome in 410AD Visigoths
31%
K The Kingdom of Dardania, now this country, briefly gained independence until reconquered by Augustus. Kosovo
25%
A What did the Romans ever do for us? Aqueduct
19%
O People and Kingdom within the Western Roman Empire Ostrogoths
19%
Q A public official who often conducted audits Quaestor
19%
Y The Romans named this city Eboracum York
13%
Z Emperor of the Eastern Empire when the Western Empire fell in 475 Zeno
13%
D A silver coin. worth 10 asses Denarius
6%
I Province in modern day Balkans Illyricum
6%
T Last elected Roman emperor Tacitus
6%
H An ancient city in Upper Mesopotamia Hatra
0%
No matching quizzes found
Score Distribution
Percent of People with Each Score
Percentile by Number Answered
Your Score History
You have not taken this quiz since the last reset